Elements in period 7 or the actinoids - Statistics

General Stats
  • This quiz has been taken 14 times
  • The average score is 27 of 32
Answer Stats
# Element % Correct
89 Actinium
100%
87 Francium
100%
91 Protactinium
100%
88 Radium
100%
90 Thorium
100%
92 Uranium
100%
97 Berkelium
92%
98 Californium
92%
96 Curium
92%
99 Einsteinium
92%
100 Fermium
92%
93 Neptunium
92%
94 Plutonium
92%
95 Americium
85%
103 Lawrencium
85%
101 Mendelevium
85%
102 Nobelium
85%
107 Bohrium
77%
105 Dubnium
77%
114 Flerovium
77%
116 Livermorium
77%
118 Oganesson
77%
104 Rutherfordium
77%
106 Seaborgium
77%
117 Tennessine
77%
112 Copernicium
69%
110 Darmstadtium
69%
108 Hassium
69%
109 Meitnerium
69%
115 Moscovium
69%
113 Nihonium
69%
111 Rœntgenium
69%
No matching quizzes found
Score Distribution
Percent of People with Each Score
Percentile by Number Answered
Your Score History
You have not taken this quiz